Điều lệ báo hiệu đường bộ
Đã lưu trong:
| 主要作者: | |
|---|---|
| 格式: | 圖書 |
| 語言: | Undetermined |
| 出版: |
Hà Nội
Giao thông vận tải
2000
|
| 主題: | |
| 標簽: |
添加標簽
沒有標簽, 成為第一個標記此記錄!
|
| Thư viện lưu trữ: | Trung tâm Học liệu Trường Đại học Cần Thơ |
|---|
| LEADER | 00568nam a2200169Ia 4500 | ||
|---|---|---|---|
| 001 | CTU_46897 | ||
| 008 | 210402s9999 xx 000 0 und d | ||
| 082 | |a 343.597093 | ||
| 082 | |b B450/2001 | ||
| 100 | |a BỘ GIAO THÔNG VẬN TẢI | ||
| 245 | 0 | |a Điều lệ báo hiệu đường bộ | |
| 245 | 0 | |c BỘ GIAO THÔNG VẬN TẢI | |
| 260 | |a Hà Nội | ||
| 260 | |b Giao thông vận tải | ||
| 260 | |c 2000 | ||
| 650 | |a traffic regulation - vietnam,traffic safety - vietnam | ||
| 980 | |a Trung tâm Học liệu Trường Đại học Cần Thơ | ||